| Tag |
First Indicator |
Second Indicator |
Subfields |
| LEADER |
00000cas a2200000 4500 |
| 001 |
in00000047101 |
| 005 |
20210106125012.0 |
| 008 |
781211c19439999iluuu h 0uuua0eng |
| 010 |
|
|
|a 42024727
|
| 035 |
|
|
|a (OCoLC)04443133
|
| 035 |
|
|
|9 AAE1971AM
|
| 040 |
|
|
|a WYU
|c WYU
|d IUL
|d TXA
|d UtOrBLW
|
| 049 |
|
|
|a TXAE
|
| 050 |
0 |
0 |
|a TL539
|b .W55
|
| 082 |
0 |
|
|a 926.2913
|
| 130 |
0 |
|
|a Who's who in aviation (Chicago, Ill.)
|
| 245 |
1 |
0 |
|a Who's who in aviation :
|b a directory of living men and women who have contributed to the growth of aviation in the United States.
|
| 264 |
|
1 |
|a Chicago,
|a New York :
|b Ziff-Davis publishing company.
|
| 300 |
|
|
|a volumes ;
|c 25 cm.
|
| 336 |
|
|
|a text
|b txt
|2 rdacontent
|
| 337 |
|
|
|a unmediated
|b n
|2 rdamedia
|
| 338 |
|
|
|a volume
|b nc
|2 rdacarrier
|
| 362 |
0 |
|
|a 1942/43-
|
| 550 |
|
|
|a Compiler: 1942/43- Writers' program of the Work projects administration in the state of Illinois.
|
| 650 |
|
0 |
|a Aeronautics
|v Bibliography.
|
| 710 |
2 |
|
|a Writers' Program of the Work Projects Administration in the State of Illinois.
|
| 999 |
|
|
|a MARS
|
| 999 |
f |
f |
|s 381d9fc2-dc0c-3224-96f5-bae6dccff747
|i 08893737-07fd-30c3-8662-b5c6c69ec545
|t 0
|
| 952 |
f |
f |
|p ric
|a Texas A&M University
|b Rellis Campus
|c Joint Library Facility
|d Remote Storage
|t 0
|e TL539 .W55
|h Library of Congress classification
|i unmediated -- volume
|l 1942/1943
|m A14820313878
|
| 998 |
f |
f |
|a TL539 .W55
|s 1942/1943
|t 0
|l Remote Storage
|